Tilastot visalle Suomen presidentinvaalien ehdokkaat

Klikkaa tästä pelataksesi tätä visaa!

Yleistilastot

  • Tätä visaa on pelattu 472 kertaa
    (57 viimeisimmän päivityksen jälkeen)
  • Keskiarvotulos 36 / 57

Vastaustilastot

PuolueVaalitEhdokas% Oikein
Kokoomus2024Alexander Stubb
100%
Vihreät2012, 2018, 2024Pekka Haavisto
100%
Kokoomus2006, 2012, 2018Sauli Niinistö
100%
SKL/Kristillisdemokraatit2018Sauli Niinistö
100%
Liike Nyt2024Harry Harkimo
98%
Vasemmistoliitto2000, 2006Tarja Halonen
96%
SDP2000, 2006Tarja Halonen
96%
Perussuomalaiset2024Jussi Halla-aho
93%
Maalaisliitto/Keskusta2024Olli Rehn
91%
SDP1968, 1978Urho Kekkonen
91%
Maalaisliitto/Keskusta1950, 1956, 1962, 1968, 1978Urho Kekkonen
91%
Kokoomus1978Urho Kekkonen
91%
RKP1962, 1968, 1978Urho Kekkonen
91%
SDP2024Jutta Urpilainen
89%
Vasemmistoliitto2024Li Andersson
89%
SDP1994Martti Ahtisaari
89%
SKL/Kristillisdemokraatit2012, 2024Sari Essayah
89%
Maalaisliitto/Keskusta1988, 1994, 2012Paavo Väyrynen
87%
Vasemmistoliitto1994Claes Andersson
85%
RKP1994, 2000Elisabeth Rehn
85%
SDP1982, 1988Mauno Koivisto
85%
Perussuomalaiset2006, 2012Timo Soini
83%
Maalaisliitto/Keskusta2000Esko Aho
80%
RKP1950Juho Kusti Paasikivi
78%
Kokoomus1946, 1950Juho Kusti Paasikivi
78%
Maalaisliitto/Keskusta1931, 1937Kyösti Kallio
78%
Maalaisliitto/Keskusta1919, 1925Lauri Kristian Relander
76%
Maalaisliitto/Keskusta2006, 2018Matti Vanhanen
76%
Perussuomalaiset2018Laura Huhtasaari
74%
Kokoomus1931, 1937, 1940Pehr Evind Svinhufvud
72%
Kokoomus1919Carl Gustaf Emil Mannerheim
70%
RKP1919Carl Gustaf Emil Mannerheim
70%
SDP2012Paavo Lipponen
65%
Vasemmistoliitto2012Paavo Arhinmäki
61%
Kokoomus1982, 1988Harri Holkeri
59%
RKP2018Nils Torvalds
59%
Vasemmistoliitto2018Merja Kyllönen
57%
SDP2018Tuula Haatainen
52%
Maalaisliitto/Keskusta1982Johannes Virolainen
50%
SDP1956Karl-August Fagerholm
41%
Vihreät2000, 2006Heidi Hautala
37%
SDP1919, 1925, 1931Väinö Tanner
37%
RKP2012Eva Biaudet
33%
SKL/Kristillisdemokraatit2006Bjarne Kallis
30%
Kokoomus2000Riitta Uosukainen
30%
Kokoomus1994Raimo Ilaskivi
26%
SDP1962Rafael Paasio
24%
RKP1956Ralf Törngren
22%
Kokoomus1956Sakari Tuomioja
22%
SKL/Kristillisdemokraatit1994Toimi Kankaanniemi
22%
RKP2006Henrik Lax
20%
SKL/Kristillisdemokraatit1978, 1982Raino Westerholm
20%
Perussuomalaiset2000Ilkka Hakalehto
17%
Kokoomus1968Matti Virkkunen
17%
Kokoomus1925Hugo Suolahti
13%
RKP1982Jan-Magnus Jansson
13%
RKP1925Karl Söderholm
13%

Tulosjakauma

Persentiili vastausten määrän mukaan

Jokaisen tuloksen saaneiden osuus

Tuloshistoriasi

Et ole pelannut tätä visaa sen viimeisimmän päivityksen jälkeen